1956 1446 1209 1806 1034 1543 1473 1665 1973 1111 1825 1793 1286 1965 1584 1401 1548 1766 1877 1751 1095 1125 1783 1883 1924 1972 1019 1178 1387 1938 1063 1512 1185 1367 1848 1974 1412 1511 1889 1951 1388 1560 1687 1712 1881 1046 1988 1555 1835 1235 1041 1626 1307 1648 1531 1007 1521 1326 1305 1282 1688 1130 1887 1849 1609 1404 1293 1103 1167 1797 1350 1617 1371 1079 1981 1863 1691 1343 1679 1298 1276 1938 1732 1171 1792 1596 1773 1014 1155 1821 1456 1804 1677 1724 1338 1644 1724 1183 1622 BCNSPRNW ULIB Ver.6.0+V

เปลี่ยนเป็นภาษาไทย

Change to English
 แสดงรายละเอียดบรรณานุกรม
  กลับหน้าหลัก

Brief Record : Get Marc (ISO 2709) : E-mail record : QR code < ปิดหน้าต่าง
LEADER : 00000nam 2200000uu 4500
001    13399121363
003     ULIB
008    121116s2551||||th 000 0 tha d
020    ^a9740425243
020    ^a9789740425243
050 04 ^aT385^bค57P
100 1  ^aKelby, Scott
245 14 ^aThe adobe photoshop CS3 book :^bคัมภีร์ตกแต่งภาพดิจิตอลระดับมืออาชีพ /^cเขียนโดย, Scott Kelby ; แปลและเรียบเรียงโดย, รัชตา ซึ้งสุนทร
260    ^aกรุงเทพฯ :^bส. เอเชียเพรส,^c2551
300    ^a473 หน้า :^bภาพประกอบ
500    ^aแปลจาก Adobe Photoshop CS3 book for digital photographers
500    ^aดรรชนีท้ายเล่ม
650  4 ^aอโดบีโฟโตช็อบ ซีเอส3
650  4 ^aคอมพิวเตอร์กราฟิก
700 0  ^aรัชตา ซึ้งสุนทร
740 00 ^aคัมภีร์ตกแต่งภาพดิจิตัลระดับมืออาชีพ
740    ^aAdobe photoshop CS3 book for digital photographers
910    ^aระบบสารสนเทศเพื่อการจัดการ
945    ^p345^l0^i15839
995    ^a วิภา
999    ^aวิภา
รายการนี้ยังไม่มีแท็ก
คุณยังไม่ได้ล็อกอิน คุณสามารถมีกิจกรรมร่วมกับเว็บไซต์ได้ แต่ต้องล็อกอินก่อน ::
  ล็อกอิน

รายการสื่อสารสนเทศ

ลำดับที่ ประเภท เลขเรียก/บาร์โค้ด สถานที่ สถานะ
1. วิทยาศาสตร์การแพทย์ และสุขภาพ
วิทยาศาสตร์การแพทย์ และสุขภาพ
T385 ค57P  
  Barcode: 15839
ห้องสมุดวิทยาเขตสวรรค์ประชารักษ์
►หนังสือทั่วไป
บนชั้น

รายการใกล้เคียง
    ผู้แต่ง [Kelby, Scott]

    หัวเรื่อง [คอมพิวเตอร์กราฟิก]

BibComment


ยังไม่เคยถูกคอมเมนท์

คอมเมนท์ทรัพยากรรายการนี้
  คอมเมนท์: The adobe photos..


 Copyright 2026. Bcnsprnw @Library